<?xml version="1.0" encoding="UTF-8"?>
<record
    xmlns:xsi="http://www.w3.org/2001/XMLSchema-instance"
    xsi:schemaLocation="http://www.loc.gov/MARC21/slim http://www.loc.gov/standards/marcxml/schema/MARC21slim.xsd"
    xmlns="http://www.loc.gov/MARC21/slim">

  <leader>00975nam a22002297a 4500</leader>
  <controlfield tag="001">000056283</controlfield>
  <controlfield tag="003">DO-SdBNP</controlfield>
  <controlfield tag="005">20180403095059.0</controlfield>
  <controlfield tag="008">160531b    1996 sp    xxu||||| |||| 00| 0 spa d</controlfield>
  <datafield tag="040" ind1=" " ind2=" ">
    <subfield code="a">BPMSU</subfield>
    <subfield code="b">sp</subfield>
    <subfield code="c">BPMSU</subfield>
  </datafield>
  <datafield tag="092" ind1=" " ind2=" ">
    <subfield code="a">xxxxx</subfield>
    <subfield code="b">xxxxx</subfield>
  </datafield>
  <datafield tag="245" ind1="1" ind2="0">
    <subfield code="a">Cuentos latinoamericanos : </subfield>
    <subfield code="b">antolog&#xED;a /</subfield>
    <subfield code="c">edici&#xF3;n y pr&#xF3;logo, Conrado Zuluaga.</subfield>
  </datafield>
  <datafield tag="260" ind1=" " ind2=" ">
    <subfield code="a">Bogot&#xE1;, Colombia : </subfield>
    <subfield code="b">Alfaguara,</subfield>
    <subfield code="c">2006.</subfield>
  </datafield>
  <datafield tag="300" ind1=" " ind2=" ">
    <subfield code="a">134 p. ; </subfield>
    <subfield code="c">22 cm.</subfield>
  </datafield>
  <datafield tag="490" ind1="1" ind2=" ">
    <subfield code="a">Juvenil Alfaguara.</subfield>
  </datafield>
  <datafield tag="505" ind1=" " ind2=" ">
    <subfield code="t">Hombre de la esquina rosada / </subfield>
    <subfield code="t">La autopista del ser / </subfield>
    <subfield code="r">Jorge Luis Borges --</subfield>
    <subfield code="t"> Los fugitivos /
 </subfield>
    <subfield code="r"> Alejo Carpentier --</subfield>
    <subfield code="t">Nos han dado la tierra / Juan Rulfo --</subfield>
    <subfield code="r">Julio Cortazar --</subfield>
    <subfield code="t">Recuerdo de las sierras / Adolfo Bioy Casares --</subfield>
    <subfield code="t">En este pueblo no hay ladrones / </subfield>
    <subfield code="r">Gabriel Garcia Marquez.</subfield>
  </datafield>
  <datafield tag="700" ind1="1" ind2="2">
    <subfield code="a">Zuluaga, Conrado, </subfield>
    <subfield code="e">ed., pr&#xF3;l.</subfield>
  </datafield>
  <datafield tag="830" ind1=" " ind2=" ">
    <subfield code="p">Juvenil Alfaguara.</subfield>
  </datafield>
  <datafield tag="942" ind1=" " ind2=" ">
    <subfield code="2">ddc</subfield>
    <subfield code="c">BK</subfield>
  </datafield>
  <datafield tag="945" ind1=" " ind2=" ">
    <subfield code="a">inventariado 2018 / dg</subfield>
  </datafield>
  <datafield tag="952" ind1=" " ind2=" ">
    <subfield code="0">0</subfield>
    <subfield code="1">0</subfield>
    <subfield code="2">ddc</subfield>
    <subfield code="4">0</subfield>
    <subfield code="7">0</subfield>
    <subfield code="8">CI-G</subfield>
    <subfield code="a">BPMET</subfield>
    <subfield code="b">BPMET</subfield>
    <subfield code="d">2018-04-03</subfield>
    <subfield code="e">Donado por fundi</subfield>
    <subfield code="l">0</subfield>
    <subfield code="p">BPMSU18040010</subfield>
    <subfield code="r">2018-04-03</subfield>
    <subfield code="w">2018-04-03</subfield>
    <subfield code="y">BK</subfield>
  </datafield>
  <datafield tag="956" ind1=" " ind2=" ">
    <subfield code="2">LOPEREZ</subfield>
    <subfield code="3">10</subfield>
    <subfield code="6">20160531</subfield>
    <subfield code="8">BPMSU</subfield>
    <subfield code="a">00041</subfield>
  </datafield>
  <datafield tag="999" ind1=" " ind2=" ">
    <subfield code="c">10473</subfield>
    <subfield code="d">10473</subfield>
  </datafield>
</record>
